Xử lý các lỗi thường gặp khi sử dụng máy tính (PC) : Xử lý từ phần cứng đến phần mềm, dành cho mọi đối tượng /
Gardado en:
| Autor Principal: | |
|---|---|
| Formato: | Sách giấy |
| Idioma: | Vietnamese |
| Publicado: |
H. :
Thống kê,
2005
|
| Những chủ đề: | |
| Các nhãn: |
Engadir etiqueta
Sen Etiquetas, Sexa o primeiro en etiquetar este rexistro!
|
| Thư viện lưu trữ: | Thư viện Trường Đại học Đà Lạt |
|---|
| LEADER | 00792nam a2200289 4500 | ||
|---|---|---|---|
| 001 | DLU050050124 | ||
| 005 | ##20051226 | ||
| 040 | # | # | |a DLU |b vie |
| 041 | # | # | |a vie |
| 044 | # | # | |a vn |
| 082 | # | # | |a 005 |b HO-L |
| 100 | # | # | |a Hoàng Long |
| 245 | # | # | |a Xử lý các lỗi thường gặp khi sử dụng máy tính (PC) : |b Xử lý từ phần cứng đến phần mềm, dành cho mọi đối tượng / |c Hoàng Long |
| 260 | # | # | |a H. : |b Thống kê, |c 2005 |
| 300 | # | # | |a 439 tr. : |b minh hoạ ; |c 24 cm |
| 653 | # | # | |a Máy vi tính |
| 653 | # | # | |a Sự cố kỹ thuật |
| 923 | # | # | |a 58/2005 |
| 992 | # | # | |a 69.000 |
| 994 | # | # | |a DLU |
| 900 | # | # | |a True |
| 911 | # | # | |a Đào Thị Thu Huyền |
| 925 | # | # | |a G |
| 926 | # | # | |a A |
| 927 | # | # | |a SH |
| 980 | # | # | |a Thư viện Trường Đại học Đà Lạt |